Inolvidables paseos

Saved in:
Bibliografiske detaljer
Main Authors: Watkins, Steve (Author), Jones, Clare (Author)
Format: Bog
Sprog:spansk
Udgivet: Barcelona Art Blume 2009
Udgivelse:1a. ed
Fag:
Tags: Tilføj Tag
Ingen Tags, Vær først til at tagge denne postø!

MARC

LEADER 00000nam a2200000 a 4500
001 UCH8668
003 CL-VaPUC
008 091203e20090000SP |||||||||||||||||spa|d
020 |a 9788498013528 
082 0 4 |a 910  |b WAT  |2 21 
100 0 |a Watkins, Steve  |e author  |9 545367 
700 0 |a Jones, Clare  |e author  |9 545368 
245 1 0 |a Inolvidables paseos 
250 |a 1a. ed 
300 |a 256 p 
942 |c BK 
945 |d 20091203 00:00:00  |a cmena 
260 |a Barcelona  |b Art Blume  |c 2009 
650 7 |a GEOGRAFIA MUNDIAL  |2 CL-VaPUC  |9 367009 
650 0 |a Paisajes  |9 344660 
650 0 |a Turismo  |9 308920 
650 7 |a LUGARES GEOGRAFICOS  |2 CL-VaPUC  |9 545369 
650 0 |a Atractivos turísticos   |9 464852 
583 |a last modification  |c 20091203 00:00:00  |k Rodrigo Vera 
999 |c 338861  |d 338859 
952 |0 0  |1 0  |4 0  |6 910_000000000000000_WAT_2009  |7 0  |8 C  |9 432072  |a BIBCUR  |b BIBCUR  |d 2019-11-22  |i 4581636  |o 910 WAT 2009  |p 4581636  |r 2025-04-22  |w 2019-11-22  |y BK  |k EXP